The economic implications of advertising (Record no. 12840)

MARC details
000 -LEADER
fixed length control field 01383nam a2200325Ia 4500
001 - CONTROL NUMBER
control field 9780203582435
003 - CONTROL NUMBER IDENTIFIER
control field BD-DhSAU
005 - DATE AND TIME OF LATEST TRANSACTION
control field 20151012151721.0
006 - FIXED-LENGTH DATA ELEMENTS--ADDITIONAL MATERIAL CHARACTERISTICS
fixed length control field a|||||s|||||||||||
007 - PHYSICAL DESCRIPTION FIXED FIELD--GENERAL INFORMATION
fixed length control field cr||||
008 - FIXED-LENGTH DATA ELEMENTS--GENERAL INFORMATION
fixed length control field 130417r20131967enk sb 001 0 eng d
020 ## - INTERNATIONAL STANDARD BOOK NUMBER
International Standard Book Number 9780203582435 (e-book : PDF)
040 ## - CATALOGING SOURCE
Original cataloging agency BD-DhSAU
Transcribing agency BD-DhSAU
090 ## - LOCALLY ASSIGNED LC-TYPE CALL NUMBER (OCLC); LOCAL CALL NUMBER (OCLC)
Classification number (OCLC) (R) ; Classification number, CALL (RLIN) (NR) HF5823
Local cutter number (OCLC) ; Book number/undivided call number, CALL (RLIN) .F57 2013
092 ## - LOCALLY ASSIGNED DEWEY CALL NUMBER (OCLC)
Classification number 659.1
Item number F523
100 1# - MAIN ENTRY--PERSONAL NAME
Personal name Firestone, O. J.
245 14 - TITLE STATEMENT
Title The economic implications of advertising
Medium [electronic resource] /
Statement of responsibility, etc. O.J. Firestone.
260 ## - PUBLICATION, DISTRIBUTION, ETC. (IMPRINT)
Place of publication, distribution, etc. Abingdon, Oxon :
Name of publisher, distributor, etc. Routledge,
Date of publication, distribution, etc. 2013.
300 ## - PHYSICAL DESCRIPTION
Extent xiii, 210 p.
490 0# - SERIES STATEMENT
Series statement Routledge library editions. Advertising ;
Volume/sequential designation v. 11
500 ## - GENERAL NOTE
General note First published in 1967 by Methuen.
504 ## - BIBLIOGRAPHY, ETC. NOTE
Bibliography, etc Includes bibliographical references and index.
505 0# - FORMATTED CONTENTS NOTE
Formatted contents note 1. Definition -- 2. Advantages -- 3. Disadvantages -- 4. Expenditures -- 5. Comparison -- 6. Stability -- 7. Productivity -- 8. Quality -- 9. Innovation -- 10. Investment -- 11. Consumer -- 12. Costs -- 13. Payment -- 14. Inflation -- 15. Competition -- 16. Tax -- 17. Findings -- 18. Implications.
530 ## - ADDITIONAL PHYSICAL FORM AVAILABLE NOTE
Additional physical form available note Also available in print edition.
538 ## - SYSTEM DETAILS NOTE
System details note Mode of access: World Wide Web.
650 #0 - SUBJECT ADDED ENTRY--TOPICAL TERM
Topical term or geographic name as entry element Advertising.
655 #7 - INDEX TERM--GENRE/FORM
Genre/form data or focus term Electronic books.
Source of term lcsh
776 1# - ADDITIONAL PHYSICAL FORM ENTRY
International Standard Book Number 9780415818025
-- 9780415637497 (set)
856 40 - ELECTRONIC LOCATION AND ACCESS
Uniform Resource Identifier <a href="http://www.tandfebooks.com/isbn/9780203582435">http://www.tandfebooks.com/isbn/9780203582435</a>

No items available.